Jack Welch a jeho lexikón lídrov

Guardado en:
Detalles Bibliográficos
Autor principal: Krames, Jeffrey A.
Otros Autores: Rybárová, Silvia
Formato: Libro
Lenguaje:eslovaco
Publicado: Bratislava Eastone Books 2004
Materias:
Etiquetas: Agregar Etiqueta
Sin Etiquetas, Sea el primero en etiquetar este registro!

MARC

LEADER 00000nam$a2200000$$$4500
001 0022021
005 20240314091150.7
020 |a 80-969173-0-7 
041 0 |a slo 
044 |a SK 
245 1 0 |a Jack Welch a jeho lexikón lídrov  |c Jeffrey A. Krames ; preklad: Silvia Rybárová 
264 1 |a Bratislava  |b Eastone Books  |c 2004 
300 |a 215 s. 
610 2 0 |a manažéri 
610 2 0 |a lídri 
610 2 0 |a pracovníci riadiaci 
610 2 0 |a osobnosť 
610 2 0 |a manažment 
610 2 0 |a riadenie podnikové 
610 2 0 |a poradenstvo 
610 2 0 |a Welch, J. 
100 1 |a Krames, Jeffrey A. 
700 1 |a Rybárová, Silvia